Sermón panegírico. El patronato que se celebra, suplemento del testimonio que no hay de la aparición de la Santíssima Virgen...

Detalles Bibliográficos
Autor principal: PONCE De LEON, José Antonio Eugenio
Formato: Libro
Publicado: México 1757
Materias:
Colección:Banco de datos
Acervo:Biblioteca del Ex Convento de Nuestra Señora de Guadalupe. Zacatecas
Tema general:Homilética
Notas:Buena. XI,4,40(3587). Sermón encuadernado con 5 más en honor a la Virgen de Guadalupe, y uno pronunciado el domingo 1o. de agosto y noveno después de Pentecostés.
LEADER 00923nam a22001930004500
035 |a 42574 
036 |a 3758 
100 1 |a PONCE De LEON, José Antonio Eugenio 
245 1 0 |a Sermón panegírico. El patronato que se celebra, suplemento del testimonio que no hay de la aparición de la Santíssima Virgen... 
260 |a México  |b Imprenta de la Bibliotheca Mexicana  |c 1757 
500 |a Buena. XI,4,40(3587). Sermón encuadernado con 5 más en honor a la Virgen de Guadalupe, y uno pronunciado el domingo 1o. de agosto y noveno después de Pentecostés. 
650 1 0 |a Homilética 
949 |a CRZ-CG 
959 |a Ex convento de Nuestra Señora de Guadalupe, Museo Regional de Zacatecas, Zacatecas  |b CCC4 
960 |a Convento de Nuestra Señora de Guadalupe, Zacatecas  |b DD87 
961 |a Franciscana  |b OF 
942 |c CRZ-CG 
943 |g Biblioteca del Ex Convento de Nuestra Señora de Guadalupe. Zacatecas 
999 |c 966701  |d 966701